000 01892nam0a2200361 i 4500
001 RU\NLR\BIBL_A\011576185
005 20240921175109.0
010 _a9785990693531
_9300
021 _aRU
_b2017-95947
_96894
035 _a(RuMoRGB)009487406
035 _a(NLR Aleph) 011576185
090 _a10823716
_c10823716
100 _a20171228d2017 um y0rusy50 ca
101 0 _arus
102 _aRU
105 _aa|||z|||001zy
200 1 _aПраво жить
_eправа и льготы ребенка-инвалида и его семьи
_e(по состоянию на 10.05.2017 года)
_e[сборник]
_fПермская краевая Общественная организация защиты прав детей-инвалидов и их семей "Счастье жить", Уполномоченный по правам ребенка в Пермском крае
_g[сост.: А. Г. Гилева]
205 _a3-е изд., испр. и доп.
210 _aПермь
_cОбщественная организация "Счастье жить"
_d2017
215 _a153, [5] с.
_cил., портр., табл.
_d21
225 1 _aПроект "Право жить"
320 _aБиблиогр.: с. 151
320 _aУказ.: с. 153
606 1 _aДети-инвалиды
_xПравовая защита
_yРоссийская Федерация
_92220868
_3RU\NLR\AUTH\661333579
686 _aХ621.159.04,0
_2rubbk
686 1 _aХ621.159.041
702 1 _aГилева
_bА. Г.
_gАнастасия Григорьевна
_4220
712 0 2 _4475
_a"Счастье жить", пермская краевая общественная организация защиты прав детей-инвалидов и их семей
_9483915
_3RU\NLR\AUTH\880408954
942 _cBOOK
980 _aNBR